Studio C Theme Song Lyrics (I Wanna Run) - Statistics

General Stats
  • This quiz has been taken 16 times
  • The average score is 67 of 80
Answer Stats
Answer % Correct
a
100%
a
100%
a
100%
a
100%
I
100%
(I
100%
I
100%
I
100%
(I
100%
I
100%
I
100%
(I
100%
I
100%
I
100%
run
100%
run)
100%
run
100%
run)
100%
run
100%
run)
100%
the
100%
the
100%
the
100%
wanna
100%
wanna
100%
wanna
100%
wanna
100%
wanna
100%
wanna
100%
wanna
100%
wanna
100%
wanna
100%
dream
92%
dream
92%
into
92%
into
92%
into
92%
into
92%
into
92%
night
92%
night!
92%
night!
92%
night!
92%
with
92%
with
92%
with
92%
with
92%
you
92%
you!
92%
you!
92%
stay
75%
step
75%
step
75%
all
67%
can
67%
can
67%
do
67%
do-oo-oo
67%
Let's
67%
me
67%
of
67%
see
67%
we
67%
we
67%
what
67%
what
67%
art
58%
could
58%
Create
58%
high
58%
I'm
58%
last
58%
on
58%
that
58%
work
58%
(Hey!
50%
Hey!)
50%
inside
50%
'cause
42%
know
42%
No matching quizzes found
Score Distribution
Percent of People with Each Score
Percentile by Number Answered
Your Score History
You have not taken this quiz